00898 2200289 4500001002100000005001500021035002000036007000300056008004100059020002200100082001400122084001600136100004300152245008000195300006300275650002300338700003700361264004400398336002100442337003000463338002300493040002200516090001800538850001200556990002000568990002000588INLIS00000000085177320191014110428 a0010-1019000500ta191014s2018 jkia b 1 ind d a978-602-5804-04-504223a028.5 a028.5 FAA a0 aFaaiza Nurul Wahidahd2010-ePengarang10aAsyiknya main air /cFaaiza Nurul Wahidah; ilustrator, Retno Wulan Yulianti a[14] halaman tidak bernomor :bilustrasi berwarna ;c19 cm 4aBacaan kanak-kanak0 aRetno Wulan YuliantieIlustrator a[Jakarta]? :bBitread Publishing,c2018 2rdacontentateks 2rdamediaatanpa perantara 2rdacarrieravolume aYOPDYOGbinderda aK 028.5 FAA a aYOPDYOG a38143-PD/B.2019 a38144-PD/B.2019